| 000 | 00840nam a22002657a 4500 | ||
|---|---|---|---|
| 001 | BR4200052 | ||
| 003 | BR-BrBNA | ||
| 005 | 20230928082916.0 | ||
| 007 | ta | ||
| 008 | 230509b bl.||||| |||| 00| 0 por d | ||
| 040 |
_aBR-BrBNA _bpor _cBiblioteca Nacional de Agricultura |
||
| 041 | _a(Por) | ||
| 072 |
_aE15 _b/G514 |
||
| 090 | _ E15 BR4200052 | ||
| 110 | 1 |
_aSecretaria da Agricultura, Salvador, BA (Brasil). Depto. de Assistencia ao Cooperativismo _98504 |
|
| 245 | 1 | _aDuas palavras senhor criador [Cooperativa de produtores; Bahia; Brasil] | |
| 260 | 3 |
_aSalvador, BA (Brasil): _c1942. |
|
| 300 | _a3 p. | ||
| 500 | _a(*) Documento disponível no(a) INCRA, Brasilia, DF (Brazil) | ||
| 650 | _aMicroeconomia | ||
| 650 | _aCooperativa de produtores | ||
| 650 | _aBahia | ||
| 909 |
_a202309 _bLucia _c55 _dLucia Elande |
||
| 942 | _cBK | ||
| 999 |
_c10553 _d10553 |
||